[Event "Tournoi Skype 029B"]
[Site "Skype"]
[Date "????.??.??"]
[Round "5.34"]
[White "Gerbaux, Regis"]
[Black "Ibanez, Bittor"]
[Result "1-0"]
[WhiteElo "1062"]
[BlackElo "1330"]
[PlyCount "79"]

1. e4 c5 2. Nf3 e6 3. c3 g6 4. d4 cxd4 5. Qxd4 Qf6 6. Bg5 Qxd4 7. Nxd4 Bg7 8.
Bc4 f6 9. Bf4 e5 10. Nb5 Kd8 11. Bg3 Nc6 12. O-O f5 13. f4 Nge7 14. Nd6 Rf8 15.
Nd2 Kc7 16. Nb5+ Kb8 17. Rfe1 a6 18. Nd6 exf4 19. Bxf4 Be5 20. Bxe5 Nxe5 21.
exf5 Nxc4 22. N2xc4 Nxf5 23. Nxc8 Rxc8 24. Nb6 Kc7 25. Nxa8+ Rxa8 26. Rad1 b5
27. Rd5 Kc6 28. Rde5 d6 29. Re8 Ra7 30. b4 a5 31. a3 axb4 32. axb4 Ra3 33. g4
Nh4 34. Rf1 Kd5 35. Rd1+ Kc4 36. Rc8+ Kb3 37. c4 Kxb4 38. cxb5 Kxb5 39. Rb1+
Ka4 40. Ra8# 1-0

[Event "Tournoi Skype 029B"]
[Site "Skype"]
[Date "????.??.??"]
[Round "5.35"]
[White "Codina, Teresa"]
[Black "Dib, Catherine"]
[Result "1-0"]
[WhiteElo "1310"]
[BlackElo "1052"]
[PlyCount "91"]

1. d4 Nf6 2. Nf3 g6 3. e3 Bg7 4. Bd3 d6 5. b3 Nbd7 6. Bb2 e6 7. Nbd2 O-O 8. O-O
Re8 9. c4 b6 10. Be2 Bb7 11. Rc1 c5 12. Ba1 d5 13. Ne5 Qe7 14. Nxd7 Qxd7 15.
Nf3 Ne4 16. Ne5 Qd6 17. f3 Nf6 18. a4 a5 19. Bd3 Nd7 20. dxc5 bxc5 21. Nxd7
Qxd7 22. Bxg7 Kxg7 23. e4 Rab8 24. e5 Bc6 25. f4 Rb7 26. Rb1 d4 27. Re1 Qe7 28.
Be4 Bxe4 29. Rxe4 Rd8 30. Qd3 Rbd7 31. Ree1 Qh4 32. g3 Qh3 33. Red1 h5 34. Rd2
h4 35. gxh4 Qxd3 36. Rxd3 Re7 37. h3 Kh6 38. Kg2 Kh5 39. Kg3 Ree8 40. b4 axb4
41. a5 b3 42. Rbxb3 Ra8 43. Rb5 Rec8 44. Rb7 Rxa5 45. Rxf7 Ra4 46. Rh7# 1-0

[Event "Tournoi Skype 029B"]
[Site "Skype"]
[Date "????.??.??"]
[Round "5.36"]
[White "Yepes Bermudez, Maribel"]
[Black "Rodriguez Tovar, Liliana"]
[Result "1-0"]
[WhiteElo "1287"]
[BlackElo "1036"]
[PlyCount "69"]

1. e4 e6 2. d4 d5 3. e5 c5 4. c3 Nc6 5. Nf3 Qb6 6. Be2 Bd7 7. O-O Nge7 8. Re1
Nf5 9. Bf1 cxd4 10. cxd4 Ncxd4 11. Nxd4 Nxd4 12. Nc3 Bc5 13. a3 Nf5 14. Qd2 O-O
15. Bd3 Nh4 16. Qf4 Ng6 17. Qg3 f5 18. exf6 Rxf6 19. Be3 Raf8 20. Bxc5 Qxc5 21.
Re2 e5 22. Bxg6 Rxg6 23. Qxe5 Re6 24. Qh5 Ref6 25. Qxd5+ Qxd5 26. Nxd5 Re6 27.
Rd2 Bc6 28. Nc3 Rfe8 29. Kf1 a5 30. a4 b6 31. Nd5 b5 32. Nc7 Bxg2+ 33. Kxg2
Rg6+ 34. Kf1 Re5 35. axb5 1-0

[Event "Tournoi Skype 029B"]
[Site "Skype"]
[Date "????.??.??"]
[Round "5.37"]
[White "Mira Poveda, Jose Antonio"]
[Black "Le Bouill, Pierre"]
[Result "1-0"]
[WhiteElo "1021"]
[BlackElo "1252"]
[PlyCount "41"]

1. e4 e5 2. Nf3 Nc6 3. Bc4 h6 4. d3 Nf6 5. Nc3 Be7 6. Nd5 Nxd5 7. Bxd5 O-O 8.
O-O d6 9. d4 exd4 10. Nxd4 Nxd4 11. Qxd4 c5 12. Qd3 Bf6 13. Qg3 Be5 14. f4 Bf6
15. f5 Re8 16. Qg6 Kh8 17. Qxf7 Rf8 18. Qg6 Qe7 19. Bxh6 gxh6 20. Qxh6+ Qh7 21.
Qxf8+ 1-0

[Event "Tournoi Skype 029B"]
[Site "Skype"]
[Date "????.??.??"]
[Round "5.38"]
[White "Ramirez, Luis Antonio"]
[Black "Tembhurnekar, Ritu"]
[Result "0-1"]
[WhiteElo "1017"]
[BlackElo "1219"]
[PlyCount "98"]

1. e4 d5 2. d3 dxe4 3. dxe4 Qxd1+ 4. Kxd1 Nf6 5. Bd3 Nbd7 6. Nf3 Nc5 7. Be2
Ncxe4 8. Rf1 Bf5 9. Bd3 e6 10. Bf4 c6 11. h3 Bc5 12. Be3 Bb6 13. g4 Bxe3 14.
fxe3 Bg6 15. Nbd2 h6 16. Ne5 O-O 17. Nxg6 fxg6 18. Ke2 Ng3+ 19. Ke1 Nxf1 20.
Bxf1 Nd5 21. Ke2 Rf6 22. Ne4 Rff8 23. g5 hxg5 24. Nxg5 Rae8 25. c4 Rf5 26. h4
Nb4 27. e4 Rf4 28. Bg2 Rxh4 29. Rf1 Rh2 30. Rf2 e5 31. Kf1 Nxa2 32. Rf7 Rh5 33.
Nh3 Rf8 34. Rxf8+ Kxf8 35. Nf2 a5 36. Ng4 a4 37. Bf3 Rg5 38. Ne3 Nc1 39. Bd1 b5
40. cxb5 cxb5 41. Nd5 Nd3 42. Be2 Nxb2 43. Nb4 Nc4 44. Nc2 Rg3 45. Ne1 a3 46.
Nc2 a2 47. Kf2 Rc3 48. Na1 Ke7 49. Ke1 Rc1+ 0-1

[Event "Tournoi Skype 029B"]
[Site "Skype"]
[Date "????.??.??"]
[Round "5.41"]
[White "Barba Cepeda, Julio Cesar"]
[Black "Bellati, Fabio"]
[Result "1-0"]
[WhiteElo "1204"]
[BlackElo "1000"]
[PlyCount "65"]

1. e4 c6 2. e5 d5 3. d4 Be6 4. Nf3 g6 5. Bd3 Bg7 6. O-O Bg4 7. Nbd2 Bxf3 8.
Nxf3 e6 9. Bf4 Bh6 10. Qd2 Bxf4 11. Qxf4 Ne7 12. Qf6 Rg8 13. Ng5 Rf8 14. Nxh7
Rg8 15. Rfe1 Nd7 16. Qf3 Rh8 17. Ng5 Nf5 18. Bxf5 gxf5 19. Qf4 f6 20. Nf3 fxe5
21. Nxe5 Rh4 22. Qe3 f4 23. Qf3 Qg5 24. Re2 O-O-O 25. Nf7 Qg4 26. Qxg4 Rxg4 27.
Nxd8 f3 28. Re3 Rxg2+ 29. Kh1 Rxf2 30. Kg1 Rg2+ 31. Kh1 Rf2 32. h4 Kxd8 33. Rg1
1-0

[Event "Tournoi Skype 029B"]
[Site "Skype"]
[Date "????.??.??"]
[Round "5.42"]
[White "Herrera, Oscar"]
[Black "Milanese, Serge"]
[Result "0-1"]
[WhiteElo "1000"]
[BlackElo "1202"]
[PlyCount "58"]

1. e4 e5 2. Nf3 Nc6 3. Bc4 Bc5 4. Nc3 Nf6 5. h3 d6 6. d3 O-O 7. O-O Be6 8. Bxe6
fxe6 9. Re1 Nd4 10. Nxd4 Bxd4 11. Bd2 Qe8 12. Nb5 Qxb5 13. c4 Qe8 14. Rb1 Nh5
15. Rf1 h6 16. Kh1 Bxf2 17. Qg4 Ng3+ 18. Kh2 Nxf1+ 19. Rxf1 Bg3+ 20. Qxg3 Rxf1
21. Bxh6 Rf7 22. b4 Kh7 23. Bg5 Qh8 24. Qh4+ Kg6 25. Qg4 Qh5 26. Qxe6+ Kxg5 27.
g4 Rf2+ 28. Kg1 Qf7 29. h4+ Kxh4 0-1

[Event "Tournoi Skype 029B"]
[Site "Skype"]
[Date "????.??.??"]
[Round "5.43"]
[White "Huerta Lopez, Cesar Rogelio"]
[Black "Ruiz Gomez, Luz Alba"]
[Result "1-0"]
[WhiteElo "1000"]
[BlackElo "1190"]
[PlyCount "125"]

1. e4 e5 2. Nf3 Nc6 3. d4 d6 4. Nc3 Nf6 5. Bb5 a6 6. Ba4 b5 7. Bb3 Be7 8. O-O
O-O 9. Bd5 Bb7 10. Bg5 b4 11. Bxf6 Bxf6 12. Na4 Rb8 13. c3 a5 14. Qd3 Ne7 15.
Bxb7 Rxb7 16. Qa6 Rb8 17. Qxa5 bxc3 18. Qxc3 Ra8 19. b3 Qd7 20. Qc4 Nc6 21.
Rac1 Nxd4 22. Nxd4 exd4 23. Qc6 Rfd8 24. Qxd7 Rxd7 25. Rfd1 Re8 26. f3 Be5 27.
Nb2 Bf4 28. Rc2 c5 29. Nd3 Bg5 30. b4 Be7 31. e5 Rb8 32. exd6 Bxd6 33. Nxc5
Bxc5 34. Rxc5 h6 35. a3 Ra8 36. Rd3 Re8 37. Kf2 Kh7 38. b5 Rb8 39. a4 Ra8 40.
Rc4 Rad8 41. b6 Rb8 42. Rc7 Rd6 43. b7 Rb6 44. Rxd4 R8xb7 45. Rdd7 Rxc7 46.
Rxc7 f6 47. a5 Ra6 48. Rc5 Ra8 49. g4 Ra7 50. h4 Ra6 51. Rb5 Ra7 52. f4 Ra8 53.
g5 Ra6 54. h5 g6 55. hxg6+ Kxg6 56. Kg3 Ra7 57. Kh4 Ra6 58. f5+ Kg7 59. Rb7+
Kf8 60. gxh6 Rxa5 61. h7 Ra4+ 62. Kh5 Rh4+ 63. Kxh4 1-0

[Event "Tournoi Skype 029B"]
[Site "Skype"]
[Date "????.??.??"]
[Round "5.44"]
[White "Conde, Carmen"]
[Black "Elvira Sanchez, Adalberto"]
[Result "1-0"]
[WhiteElo "1188"]
[BlackElo "1000"]
[PlyCount "55"]

1. e4 d5 2. e5 d4 3. d3 Nc6 4. Nf3 e6 5. Bg5 Nge7 6. Be2 Bd7 7. Qd2 h6 8. Bh4
g5 9. Bg3 Nd5 10. a3 Be7 11. h3 Rg8 12. c3 g4 13. Nxd4 Nxd4 14. cxd4 Bg5 15. f4
Bh4 16. Bf2 Bxf2+ 17. Kxf2 Qh4+ 18. g3 Qh5 19. Nc3 gxh3 20. Bxh5 O-O-O 21. Rxh3
Rdf8 22. Bf3 f6 23. Nxd5 exd5 24. Rxh6 fxe5 25. dxe5 d4 26. Qb4 Rg7 27. Qxf8+
Be8 28. Qxe8# 1-0

[Event "Tournoi Skype 029B"]
[Site "Skype"]
[Date "????.??.??"]
[Round "5.46"]
[White "Pantaleon, Julio"]
[Black "Rodriguez, Nathalie"]
[Result "1-0"]
[WhiteElo "1000"]
[BlackElo "1167"]
[PlyCount "61"]

1. b3 c5 2. Bb2 d6 3. g3 e5 4. Bg2 Nc6 5. e3 Nf6 6. Ne2 Bg4 7. h3 Bh5 8. c4 Be7
9. O-O h6 10. Nbc3 a6 11. d3 O-O 12. Qd2 Re8 13. Rfe1 Bg6 14. d4 cxd4 15. exd4
exd4 16. Nxd4 Nxd4 17. Qxd4 Rb8 18. Rad1 b6 19. Nd5 Nxd5 20. Qxd5 Bf6 21. Bxf6
Qxf6 22. Rxe8+ Rxe8 23. Qxd6 Qxd6 24. Rxd6 Kf8 25. Rxb6 a5 26. Ra6 Ke7 27. Rxa5
Kd6 28. c5+ Kc7 29. Ra7+ Kb8 30. Ra8+ Kc7 31. Rxe8 1-0

[Event "Tournoi Skype 029B"]
[Site "Skype"]
[Date "????.??.??"]
[Round "5.47"]
[White "Busto, Ricardo"]
[Black "Rodgerson, Michael"]
[Result "1-0"]
[WhiteElo "1152"]
[BlackElo "1000"]
[PlyCount "65"]

1. d4 d5 2. Nf3 Nc6 3. Bf4 e6 4. e3 Bb4+ 5. c3 Be7 6. Nbd2 Bd7 7. Bd3 Nf6 8. h3
O-O 9. O-O b6 10. b4 Qc8 11. Ne5 Rd8 12. Ndf3 Qb7 13. Qe2 Rab8 14. Ba6 Qa8 15.
Nxc6 Qxc6 16. Rac1 Re8 17. Ne5 Qa4 18. Nxd7 Nxd7 19. Bb5 Qa3 20. Bxd7 Red8 21.
Bb5 Bh4 22. Bxc7 Rbc8 23. Bxd8 Rxd8 24. Qc2 h5 25. Rb1 Rc8 26. Rb3 Qxb3 27.
Qxb3 Ra8 28. Ba6 Rd8 29. c4 Rd6 30. cxd5 Rd8 31. dxe6 Rc8 32. exf7+ Kf8 33.
Bxc8 1-0

[Event "Tournoi Skype 029B"]
[Site "Skype"]
[Date "????.??.??"]
[Round "5.48"]
[White "Rivalta, Paolo"]
[Black "Schllosser, Marcos Antonio"]
[Result "1-0"]
[WhiteElo "1142"]
[BlackElo "1000"]
[PlyCount "45"]

1. e4 g6 2. d4 Bg7 3. Nf3 d6 4. Bf4 Nd7 5. Nc3 e5 6. dxe5 dxe5 7. Be3 Ngf6 8.
Bc4 O-O 9. Qd2 c6 10. a4 a6 11. O-O Qc7 12. Bh6 b5 13. axb5 cxb5 14. Bb3 Bb7
15. Bxg7 Kxg7 16. Nd5 Ne8 17. Nxc7 Nxc7 18. Qxd7 Bc8 19. Qxc7 Bg4 20. Nxe5 h5
21. Bxf7 Kh8 22. Bxg6 Rad8 23. Qh7# 1-0

[Event "Tournoi Skype 029B"]
[Site "Skype"]
[Date "????.??.??"]
[Round "5.49"]
[White "Parravano, Luca"]
[Black "Barrionuevo, Hilario"]
[Result "0-1"]
[WhiteElo "1000"]
[BlackElo "1132"]
[PlyCount "54"]

1. d4 d5 2. Nf3 Nc6 3. Bf4 Bg4 4. Nbd2 Nf6 5. h3 Bh5 6. e3 e6 7. c3 a6 8. Bd3
Bd6 9. Bh2 Bxh2 10. Rxh2 O-O 11. Qb3 b5 12. g4 Bg6 13. Bxg6 fxg6 14. g5 Nh5 15.
Ne5 Nxe5 16. dxe5 Qxg5 17. f4 Qg1+ 18. Nf1 Nxf4 19. exf4 Rxf4 20. Ke2 Re4+ 21.
Kd3 Rf8 22. Rd2 Rf3+ 23. Kc2 Rf2 24. Rad1 Ree2 25. Kd3 h5 26. Qc2 Rf3+ 27. Ne3
Qxe3# 0-1

[Event "Tournoi Skype 029B"]
[Site "Skype"]
[Date "????.??.??"]
[Round "5.50"]
[White "Prieto, Jairo Ovidio"]
[Black "Tolaro, Filippa"]
[Result "1-0"]
[WhiteElo "1000"]
[BlackElo "1086"]
[PlyCount "85"]

1. e4 c6 2. Nf3 d5 3. e5 Bg4 4. Be2 e6 5. d4 c5 6. c3 cxd4 7. cxd4 Bb4+ 8. Bd2
Bxd2+ 9. Nbxd2 Ne7 10. O-O Qb6 11. Rc1 Nbc6 12. Qb3 O-O 13. h3 Bxf3 14. Nxf3
Nf5 15. Rfd1 Rfc8 16. Qxb6 axb6 17. a3 Nfxd4 18. Nxd4 Nxd4 19. Rxc8+ Rxc8 20.
Rxd4 Rc1+ 21. Rd1 Rxd1+ 22. Bxd1 d4 23. f4 d3 24. Kf2 g6 25. h4 h6 26. g4 Kg7
27. Ke3 f6 28. Kxd3 g5 29. hxg5 fxg5 30. fxg5 hxg5 31. Bf3 Kf7 32. Bxb7 Ke7 33.
Kc4 Kd7 34. Kb5 Kc7 35. Bc6 Kd8 36. b4 Kc7 37. a4 Kb8 38. Kxb6 Kc8 39. a5 Kb8
40. a6 Kc8 41. a7 Kd8 42. a8=Q+ Ke7 43. Qe8# 1-0

[Event "Tournoi Skype 029B"]
[Site "Skype"]
[Date "????.??.??"]
[Round "5.52"]
[White "Strydom, Brett"]
[Black "Hernandez Monzon, Alejandro"]
[Result "0-1"]
[WhiteElo "1000"]
[BlackElo "1239"]
[PlyCount "68"]

1. e4 e6 2. d4 d5 3. e5 c5 4. c3 Nc6 5. Nf3 a6 6. Bd3 g6 7. O-O cxd4 8. Ng5 Be7
9. Nxf7 Kxf7 10. Qf3+ Nf6 11. Bg5 Nxe5 12. Qh3 Nxd3 13. Qxd3 Ne4 14. Qf3+ Kg7
15. Bf4 Rf8 16. cxd4 Bd6 17. g3 Bxf4 18. gxf4 g5 19. Qg2 Rxf4 20. f3 Nd6 21.
Rd1 Qf6 22. Rd3 Bd7 23. b3 Bb5 24. Re3 Rxd4 25. Nc3 Bc6 26. Rae1 Re8 27. Qg3
Nf5 28. Qc7+ Kh6 29. R3e2 g4 30. Rf2 gxf3 31. Rxf3 Rg4+ 32. Kf2 Qd4+ 33. Ke2
Rg2+ 34. Rf2 Rxf2# 0-1

[Event "Tournoi Skype 029B"]
[Site "Skype"]
[Date "????.??.??"]
[Round "5.54"]
[White "Martin, Jean-Claude"]
[Black "Achicanoy, Yolanda"]
[Result "1-0"]
[WhiteElo "1184"]
[BlackElo "1000"]
[PlyCount "65"]

1. d4 d5 2. c4 c6 3. Nc3 Nf6 4. Bg5 Nbd7 5. e3 e6 6. a3 Bd6 7. Nf3 O-O 8. Bd3
h6 9. Bxf6 Nxf6 10. O-O Qc7 11. c5 Be7 12. Re1 Bd7 13. e4 dxe4 14. Nxe4 Nd5 15.
Bc4 Nb6 16. cxb6 axb6 17. a4 f5 18. Nc3 Bf6 19. Bxe6+ Bxe6 20. Rxe6 Rae8 21.
Qb3 Kf7 22. Rxc6+ Kg6 23. Rxc7 Kh5 24. Qxb6 Bd8 25. Qxb7 Rg8 26. Rxg7 Rgf8 27.
Rf7 Rg8 28. Rxf5+ Kg4 29. Qd7 Ba5 30. Rxa5+ Re6 31. Qxe6+ Kf4 32. Qe5+ Kg4 33.
Qf5# 1-0

[Event "Tournoi Skype 029B"]
[Site "Skype"]
[Date "????.??.??"]
[Round "5.56"]
[White "Montilla Bejarano, Carmen"]
[Black "Diaz Yara, Jose Mauricio"]
[Result "1/2-1/2"]
[WhiteElo "1087"]
[BlackElo "1000"]
[PlyCount "127"]

1. e4 e6 2. d4 c5 3. Nf3 Nc6 4. d5 exd5 5. exd5 Qe7+ 6. Be2 Nb4 7. Be3 Qe4 8.
Na3 Nxd5 9. O-O Ngf6 10. Nc4 b5 11. Nfd2 Qf5 12. Bd3 Qh5 13. Be2 Qf5 14. Bd3
Qe6 15. Na3 a6 16. Re1 Qc6 17. Bg5+ Be7 18. c4 Bb7 19. cxd5 Nxd5 20. Bxe7 Nxe7
21. Be4 Qc7 22. Bxb7 Qxb7 23. Qe2 d6 24. Ne4 O-O-O 25. Rad1 Nf5 26. Qf3 Nh4 27.
Nxd6+ Rxd6 28. Qxb7+ Kxb7 29. Rxd6 Kc7 30. Rxa6 Rb8 31. Nxb5+ Rxb5 32. Re7+ Kb8
33. Rd6 Kc8 34. Rxf7 Rxb2 35. h3 Rxa2 36. Rc6+ Kb8 37. Rxc5 h6 38. Rxg7 Ra8 39.
Rg8+ Kb7 40. Rxa8 Kxa8 41. Rh5 Ng6 42. Rxh6 Nf4 43. Rh7 Kb8 44. h4 Kc8 45. Rf7
Ng6 46. h5 Ne5 47. Rf6 Kd7 48. f3 Ke7 49. Ra6 Kf7 50. Kf2 Kg7 51. g4 Nd3+ 52.
Ke3 Nb4 53. Rg6+ Kh7 54. g5 Nd5+ 55. Ke4 Nc3+ 56. Kf5 Nd5 57. Rh6+ Kg7 58. Rg6+
Kh7 59. Re6 Kg8 60. h6 Kh7 61. Ke5 Ne3 62. Rg6 Kh8 63. Rg7 Ng4+ 64. fxg4
1/2-1/2

[Event "Tournoi Skype 029B"]
[Site "Skype"]
[Date "????.??.??"]
[Round "5.57"]
[White "Yanez, Leticia Jorgelina"]
[Black "Martins, Rodrigo Baldo"]
[Result "1-0"]
[WhiteElo "1051"]
[BlackElo "1000"]
[PlyCount "45"]

1. e4 c5 2. Nf3 Nc6 3. d4 e6 4. Be3 Be7 5. Be2 d5 6. e5 Qb6 7. b3 Qa5+ 8. c3
cxd4 9. Nxd4 Nxe5 10. O-O Nf6 11. Nd2 Qxc3 12. N2f3 Nfg4 13. Qd2 Nxf3+ 14. Nxf3
Qc7 15. Rac1 Qd6 16. Qd4 e5 17. Rxc8+ Rxc8 18. Qxg4 Rc2 19. Bd3 Rc3 20. Bf5 Qf6
21. Bd7+ Kd8 22. Ba4 Bc5 23. Qd7# 1-0

[Event "Tournoi Skype 029B"]
[Site "Skype"]
[Date "????.??.??"]
[Round "5.58"]
[White "Molina Porfirio, Renatta"]
[Black "Santamaria Garcia, Jesus"]
[Result "0-1"]
[WhiteElo "1000"]
[BlackElo "1041"]
[PlyCount "82"]

1. d4 d5 2. e3 Nf6 3. Bd3 Nc6 4. Nf3 h6 5. Nbd2 e6 6. O-O Bd6 7. Re1 O-O 8. e4
dxe4 9. Nxe4 Nxe4 10. Bxe4 Re8 11. Bd2 e5 12. d5 Nd4 13. c4 f5 14. Bd3 e4 15.
Nxd4 exd3 16. Bc3 Rxe1+ 17. Qxe1 c5 18. Nf3 Qe7 19. Rd1 Qxe1+ 20. Rxe1 g5 21.
Re6 Bxe6 22. dxe6 Re8 23. g3 Rxe6 24. b3 g4 25. Bd2 gxf3 26. a4 h5 27. h4 Re2
28. Be3 d2 29. Bxd2 Rxd2 30. a5 a6 31. g4 fxg4 32. b4 cxb4 33. c5 Bxc5 34. Kh2
Rxf2+ 35. Kg3 Rf1 36. Kf4 f2 37. Kg3 Rg1+ 38. Kf4 f1=Q+ 39. Kg5 Be7+ 40. Kxh5
Qf7+ 41. Kh6 Qh7# 0-1

[Event "Tournoi Skype 029B"]
[Site "Skype"]
[Date "????.??.??"]
[Round "5.60"]
[White "Fuentes, Francisco"]
[Black "Latterra, Jeremias"]
[Result "1-0"]
[WhiteElo "1000"]
[BlackElo "1114"]
[PlyCount "36"]

1. e4 e5 2. Nf3 Nc6 3. d4 d6 4. d5 Nd4 5. Nxd4 exd4 6. Qxd4 Nf6 7. Bg5 Be7 8.
Nc3 h6 9. Bh4 g5 10. Bg3 g4 11. O-O-O Rg8 12. Bf4 a6 13. Bxh6 g3 14. fxg3 Rg4
15. Be2 c5 16. Qe3 Rxe4 17. Nxe4 Nxe4 18. Qxe4 Bg4 1-0

[Event "Tournoi Skype 029B"]
[Site "Skype"]
[Date "????.??.??"]
[Round "5.61"]
[White "Grib, Jessica"]
[Black "Baker, Abi"]
[Result "1-0"]
[WhiteElo "1000"]
[BlackElo "1079"]
[PlyCount "67"]

1. e4 d5 2. e5 f5 3. Qh5+ g6 4. Qf3 Bg7 5. d4 Nc6 6. Be3 Nb4 7. Qe2 c6 8. c3
Qb6 9. a3 Nd3+ 10. Qxd3 Qxb2 11. Ra2 Qxa2 12. Nd2 Qxa3 13. Qc2 b5 14. Bd3 a5
15. Ngf3 Nh6 16. h3 Qa1+ 17. Qb1 Qxc3 18. O-O Ba6 19. Ng5 b4 20. Ne6 Kd7 21.
Nc5+ Qxc5 22. dxc5 Bxe5 23. Bxh6 a4 24. Nf3 Bc3 25. Bxf5+ gxf5 26. Qxf5+ e6 27.
Qf7+ Kc8 28. Qxe6+ Kc7 29. Bf4+ Kd8 30. Qd6+ Ke8 31. Qxc6+ Kf7 32. Ng5+ Ke7 33.
Qe6+ Kd8 34. Nf7# 1-0

[Event "Tournoi Skype 029B"]
[Site "Skype"]
[Date "????.??.??"]
[Round "5.62"]
[White "Maccaferri, Massimo"]
[Black "Guevara, Lizbeth"]
[Result "0-1"]
[WhiteElo "1074"]
[BlackElo "1000"]
[PlyCount "30"]

1. e4 e5 2. Bc4 Bc5 3. Qh5 d5 4. Qxe5+ Ne7 5. Qxg7 Rf8 6. Qe5 Nbc6 7. Bb5 Be6
8. exd5 f6 9. Qxf6 Rxf6 10. dxc6 Rxf2 11. cxb7+ Bd7 12. Bxd7+ Kf7 13. bxa8=Q
Qxa8 14. Nf3 Qe4+ 15. Kd1 Qe2# 0-1

[Event "Tournoi Skype 029B"]
[Site "Skype"]
[Date "????.??.??"]
[Round "5.63"]
[White "Ladeia Pereira, Geraldo"]
[Black "Hernandez Lopez, Joaquin"]
[Result "1-0"]
[WhiteElo "1000"]
[BlackElo "1046"]
[PlyCount "73"]

1. d4 e6 2. e4 d6 3. Bf4 g6 4. Nf3 Bg7 5. Bd3 Nc6 6. c3 e5 7. dxe5 Nxe5 8. Nxe5
dxe5 9. Be3 Nf6 10. h3 O-O 11. O-O b6 12. Qc2 Bb7 13. Nd2 c5 14. b3 Rc8 15. Nf3
Nd7 16. Rad1 Qc7 17. Bb5 Nb8 18. Rd2 Ba6 19. Bd3 Bxd3 20. Rxd3 Rcd8 21. Rfd1
Rd7 22. c4 Rfd8 23. Ne1 Rxd3 24. Rxd3 Rxd3 25. Qxd3 Qd7 26. Qc2 Nc6 27. a3 Nd4
28. Qd1 Qe7 29. Bd2 Nxb3 30. Qxb3 Qd8 31. Nf3 Qc7 32. a4 Qc6 33. Qc2 a6 34. g3
b5 35. cxb5 axb5 36. a5 b4 37. Bxb4 1-0

[Event "Tournoi Skype 029B"]
[Site "Skype"]
[Date "????.??.??"]
[Round "5.64"]
[White "Gomez Zuluaga, Jorge Adiel"]
[Black "Marroquin Mayhua, Silvia"]
[Result "1-0"]
[WhiteElo "1036"]
[BlackElo "1000"]
[PlyCount "105"]

1. d4 Nf6 2. c4 d6 3. h3 Bf5 4. Nc3 e6 5. Nf3 h6 6. g3 Ne4 7. Bg2 Nc6 8. Be3
Be7 9. O-O O-O 10. Qb3 Rb8 11. Nh4 Bh7 12. Nxe4 Bxe4 13. Bxe4 f5 14. Bg2 Bf6
15. Rad1 a5 16. Nf3 Re8 17. Qc2 Nb4 18. Qb3 e5 19. d5 c5 20. a3 Na6 21. Qc2 e4
22. Nh4 Re7 23. Nxf5 Re5 24. g4 Qe8 25. Qd2 b6 26. Nxd6 Qg6 27. Nf5 Rd8 28. d6
Nb8 29. Bf4 Ree8 30. Qd5+ Qf7 31. Qxf7+ Kxf7 32. b3 Rh8 33. Ng3 g5 34. Nxe4
gxf4 35. Nxf6 Kxf6 36. Rd5 Rde8 37. Rf5+ Kg7 38. Bf3 Nd7 39. Rd1 Ne5 40. Bd5
Rhf8 41. Rxf8 Rxf8 42. f3 Ng6 43. Bc6 Nh4 44. d7 Rd8 45. Bb5 Kg6 46. Rd6+ Kg5
47. Rxb6 h5 48. gxh5 Kxh5 49. Rc6 Rg8+ 50. Kf1 Ng2 51. Rxc5+ Kh4 52. Rc8 Rxc8
53. dxc8=Q 1-0

[Event "Tournoi Skype 029B"]
[Site "Skype"]
[Date "????.??.??"]
[Round "5.65"]
[White "Guillen Andrinal, Pablo"]
[Black "Mendoza Oporta, Esmerling Antonio"]
[Result "1-0"]
[WhiteElo "1024"]
[BlackElo "1000"]
[PlyCount "113"]

1. e4 e5 2. Bc4 Nc6 3. Nf3 d6 4. d4 Nxd4 5. Nxd4 exd4 6. Qxd4 Nf6 7. e5 dxe5 8.
Qxd8+ Kxd8 9. Bxf7 Bb4+ 10. Bd2 a5 11. O-O Ke7 12. Bb3 Ne4 13. Bxb4+ axb4 14.
Re1 Bf5 15. Bd5 Ra5 16. Bxe4 Ke6 17. Bxf5+ Kxf5 18. Nc3 bxc3 19. bxc3 g5 20. f3
Re8 21. g3 h5 22. h3 Ra4 23. Re2 e4 24. fxe4+ Raxe4 25. Rxe4 Rxe4 26. Rb1 h4
27. Rf1+ Kg6 28. Kf2 hxg3+ 29. Kxg3 Re7 30. Rf3 Re4 31. Kf2 Kh5 32. Kg3 g4 33.
hxg4+ Rxg4+ 34. Kf2 Kg5 35. Rf7 Rf4+ 36. Rxf4 Kxf4 37. Ke2 Ke5 38. Kd3 Kd5 39.
c4+ Kc5 40. a4 b6 41. Kc3 c6 42. Kb3 Kd4 43. c3+ Kc5 44. a5 bxa5 45. Ka4 Kxc4
46. Kxa5 c5 47. Kb6 Kd5 48. Kb5 c4 49. Kb4 Kc6 50. Kxc4 Kc7 51. Kc5 Kc8 52. Kd6
Kb7 53. c4 Kc8 54. c5 Kd8 55. c6 Kc8 56. c7 Kb7 57. Kd7 1-0

[Event "Tournoi Skype 029B"]
[Site "Skype"]
[Date "????.??.??"]
[Round "5.66"]
[White "Hernandez, Ivan"]
[Black "Trapletti, Cosetta"]
[Result "1-0"]
[WhiteElo "1022"]
[BlackElo "1000"]
[PlyCount "41"]

1. e4 e5 2. Bc4 Nf6 3. d3 Bc5 4. Nf3 d6 5. O-O O-O 6. Be3 Nc6 7. c3 Bxe3 8.
fxe3 a6 9. d4 Nxe4 10. dxe5 Qe7 11. e6 Ne5 12. Nxe5 dxe5 13. exf7+ Rxf7 14.
Bxf7+ Kh8 15. Nd2 Ng5 16. Qh5 g6 17. Bxg6 Bd7 18. h4 Bb5 19. hxg5 Rg8 20. Rf7
Qe6 21. Qxh7# 1-0

[Event "Tournoi Skype 029B"]
[Site "Skype"]
[Date "????.??.??"]
[Round "5.67"]
[White "Molina, Maria Lucia"]
[Black "Schnell, Nicolas"]
[Result "1-0"]
[WhiteElo "1000"]
[BlackElo "1003"]
[PlyCount "47"]

1. e4 e5 2. Nf3 Nc6 3. Bc4 Nf6 4. a4 Nxe4 5. Nc3 Ng5 6. Nxg5 Qxg5 7. g3 Bc5 8.
Nb5 O-O 9. b4 Bd4 10. c3 Qe7 11. Qb3 Qf6 12. Ke2 Qxf2+ 13. Kd3 Qf3+ 14. Kc2
Qe4+ 15. Kb2 Bb6 16. d4 Qg2+ 17. Ka3 exd4 18. Ra2 Qxh1 19. Bg5 Re8 20. Bxf7+
Kf8 21. Bg8 Re7 22. Rf2+ Ke8 23. Bf7+ Rxf7 24. Qxf7# 1-0

[Event "Tournoi Skype 029B"]
[Site "Skype"]
[Date "????.??.??"]
[Round "5.69"]
[White "Batista, Andre Luis"]
[Black "Wildt, Gerti"]
[Result "0-1"]
[WhiteElo "1000"]
[BlackElo "1000"]
[PlyCount "62"]

1. e4 e5 2. Nf3 Bc5 3. Bc4 Nf6 4. Nc3 d6 5. O-O Nbd7 6. Ng5 d5 7. Nxd5 Nxd5 8.
Nxf7 Kxf7 9. Bxd5+ Ke8 10. Qf3 Nf6 11. d3 Nxd5 12. exd5 Rf8 13. Qh5+ g6 14. Bg5
gxh5 15. Bxd8 Kxd8 16. d4 Bxd4 17. Kh1 Bxb2 18. Rae1 Bd4 19. c3 Bxf2 20. Rxe5
h4 21. h3 a5 22. Rh5 Rf7 23. c4 Ra6 24. Rg5 Raf6 25. Rg8+ Kd7 26. Rxc8 Kxc8 27.
Rxf2 Rxf2 28. Kh2 Rxa2 29. c5 Rc2 30. c6 bxc6 31. dxc6 a4 0-1

[Event "Tournoi Skype 029B"]
[Site "Skype"]
[Date "????.??.??"]
[Round "5.70"]
[White "Teixeira De Queiroz, Glaucia"]
[Black "Becker Schllosser, Josiane Cristina"]
[Result "1-0"]
[WhiteElo "1000"]
[BlackElo "1000"]
[PlyCount "67"]

1. e4 e5 2. Nf3 Nc6 3. c3 d6 4. Be2 Be7 5. d4 Nf6 6. O-O a6 7. a3 b5 8. Nbd2
Bb7 9. Nb3 O-O 10. Be3 Qd7 11. Qd2 Qe6 12. d5 Qg4 13. Qd3 Nd8 14. Nbd2 Rc8 15.
Rac1 c6 16. c4 bxc4 17. Nxc4 cxd5 18. exd5 Nxd5 19. Nfxe5 dxe5 20. Bxg4 Ne6 21.
Bxe6 fxe6 22. Nxe5 Rcd8 23. Ng6 Rf6 24. Nxe7+ Nxe7 25. Qxd8+ Rf8 26. Qxe7 Rf7
27. Qxe6 h6 28. Rc7 Ba8 29. Rxf7 Bd5 30. Qe8+ Kh7 31. Rxg7+ Kxg7 32. Bd4+ Kh7
33. Qd7+ Kg8 34. Qxd5+ 1-0

[Event "Tournoi Skype 029B"]
[Site "Skype"]
[Date "????.??.??"]
[Round "5.71"]
[White "Vasquez Donaire, Ivis Godofredo"]
[Black "Cifuentes, Jorge Mario"]
[Result "1-0"]
[WhiteElo "1000"]
[BlackElo "1000"]
[PlyCount "57"]

1. e4 e5 2. Nf3 Nc6 3. Bc4 Nf6 4. d3 Bc5 5. O-O h6 6. Bd2 d6 7. h3 a6 8. c3 b5
9. Bb3 a5 10. Bc2 b4 11. Re1 Ba6 12. a3 Qb8 13. Bb3 Bxd3 14. Bg5 h5 15. Qxd3
bxc3 16. Qc4 Rf8 17. Nh4 a4 18. Bxa4 Qb6 19. Nxc3 Qxb2 20. Bxc6+ Ke7 21. Bxf6+
gxf6 22. Nf5+ Kd8 23. Rf1 Rg8 24. Bxa8 Bxf2+ 25. Rxf2 Qxa1+ 26. Rf1 Qb2 27. Nh4
Qd2 28. Qxf7 Qe3+ 29. Kh1 1-0

[Event "Tournoi Skype 029B"]
[Site "Skype"]
[Date "????.??.??"]
[Round "5.72"]
[White "Cassano, Mariangela"]
[Black "Swanepoel, Karel"]
[Result "0-1"]
[WhiteElo "1000"]
[BlackElo "1088"]
[PlyCount "62"]

1. d4 Nf6 2. e3 d6 3. c3 Nc6 4. Bd3 e5 5. Nf3 Bg4 6. O-O e4 7. h3 exd3 8. hxg4
Nxg4 9. Qxd3 d5 10. Qc2 Bd6 11. a3 Qf6 12. Nbd2 Qh6 13. Re1 Bh2+ 14. Nxh2 Qxh2+
15. Kf1 Qh4 16. Nf3 Qh1+ 17. Ng1 Nh2+ 18. Ke2 Qxg2 19. b4 Qg4+ 20. Kd2 Nf3+ 21.
Nxf3 Qxf3 22. Qd1 Qxf2+ 23. Re2 Qf5 24. Rf2 Qxf2+ 25. Qe2 Qf5 26. Bb2 O-O 27.
Rf1 Qe4 28. Qd3 Qg2+ 29. Qe2 Qe4 30. Rf2 Rfe8 31. Rh2 f5 0-1